000 00537nam a22001697a 4500
999 _c4822
_d4822
008 200902b ||||| |||| 00| 0 eng d
082 0 0 _a621.9
_bC7272
100 _9251
_aColvin, Fred H.
245 1 0 _aJigs and fixtures : A Reference book showing many types of jigs and fixtures in actual use and suggestions for various cases
_cby Fred H. Colvin
250 _a5th ed.
260 _aNew York
_bMcGraw-Hill
_c1948
300 _axiii, 410 p.
365 _d37.50
650 0 _aMachine Tools
700 _93845
_aHaas, Lucian L
942 _cBK